1924 1864 1662 1934 1015 1100 1359 1927 1414 1325 1120 1593 1078 1679 1038 1869 1356 1070 1903 1330 1191 1652 1624 1757 1872 1507 1783 1207 1566 1300 1536 1567 1901 1910 1641 1721 1672 1383 1952 1333 1221 1815 1941 1865 1908 1111 1333 1336 1315 1035 1486 1789 1128 1452 1311 1903 1626 1537 1740 1072 1566 1091 1862 1131 1673 1132 1924 1315 1092 1131 1553 1937 1753 1744 1874 1140 1000 1338 1659 1038 1637 1490 1091 1612 1574 1588 1778 1304 1997 1022 1865 1310 1394 1727 1118 1385 1936 1315 1682 BCNSPRNW ULIB Ver.6.0+V

เปลี่ยนเป็นภาษาไทย

Change to English
 แสดงรายละเอียดบรรณานุกรม
  กลับหน้าหลัก

Brief Record : Get Marc (ISO 2709) : E-mail record : QR code < ปิดหน้าต่าง
LEADER : 00000nam 2200000uu 4500
001    13399110429
003     ULIB
008    110527s2550||||th 000 0 tha d
020    9789744140487
050  4 GN316^bน639ม 2550
100 0  นิยพรรณ (ผลวัฒนะ) วรรณศิริ
245 10 มานุษยวิทยาสังคมและวัฒนธรรม /^cนิยพรรณ (ผลวัฒนะ) วรรณศิริ
250    พิมพ์ครั้งที่ 1
260    กรุงเทพฯ :^bเอ็กซเปอร์เน็ท,^c2550
300    312 หน้า :^bภาพประกอบ ;^c26 ซม.
650  7 มานุษยวิทยา
650  7 สังคมและวัฒนธรรม
945    ^p260^l0^i18188
995    ทศพร
999    ^aใช้งานได้ทุกระบบ
รายการนี้ยังไม่มีแท็ก
คุณยังไม่ได้ล็อกอิน คุณสามารถมีกิจกรรมร่วมกับเว็บไซต์ได้ แต่ต้องล็อกอินก่อน ::
  ล็อกอิน

รายการสื่อสารสนเทศ

ลำดับที่ ประเภท เลขเรียก/บาร์โค้ด สถานที่ สถานะ
1. วิทยาศาสตร์การแพทย์ และสุขภาพ
วิทยาศาสตร์การแพทย์ และสุขภาพ
GN316 น639ม 2550  
  Barcode: 18188
ห้องสมุดวิทยาเขตสวรรค์ประชารักษ์
►นวนิยาย
บนชั้น
  ขอยืม

รายการใกล้เคียง
    ผู้แต่ง [นิยพรรณ (ผลวัฒนะ) วรรณศิริ]

    หัวเรื่อง [มานุษยวิทยา]
    หัวเรื่อง [สังคมและวัฒนธรรม]

BibComment


ยังไม่เคยถูกคอมเมนท์

คอมเมนท์ทรัพยากรรายการนี้
  คอมเมนท์: มานุษยวิทยาสังคมแ..


 Copyright 2026. Bcnsprnw @Library